Yabs,John (Record no. 1276)
[ view plain ]
| 000 -LEADER | |
|---|---|
| fixed length control field | 00357nam a2200121Ia 4500 |
| 008 - FIXED-LENGTH DATA ELEMENTS--GENERAL INFORMATION | |
| fixed length control field | 151015s9999 xx 000 0 und d |
| 020 ## - INTERNATIONAL STANDARD BOOK NUMBER | |
| International Standard Book Number | 9966707670 |
| 245 ## - TITLE STATEMENT | |
| Title | Yabs,John |
| 250 ## - EDITION STATEMENT | |
| Edition statement | _Guidelines on how to write MBA projects strategies and tactics |
| 300 ## - PHYSICAL DESCRIPTION | |
| Extent | Nairobi Lelax global 2010 |
| 650 ## - SUBJECT ADDED ENTRY--TOPICAL TERM | |
| Topical term or geographic name as entry element | _MBA projects |
| 700 ## - ADDED ENTRY--PERSONAL NAME | |
| Personal name | ^d20110208 09:08:34^oanne |
No items available.